000 00342pab a2200145 454500
008 180718b1989 xxu||||| |||| 00| 0 eng d
100 _aD'Souza, J.B.
245 _aThe real city - savers
260 _c1989
300 _a1089-90
362 _a20 May
650 _aCities And Towns
773 _aEconomic and Political Weekly
909 _a5347
999 _c5347
_d5347